Statistics for Where is it? - Level 1 - super easy

Click here to take the quiz!

General Stats

  • This quiz has been taken 123 times
  • The average score is 20 of 25

Answer Stats

HintAnswer% Correct
beardface
97%
Eiffel TowerParis
97%
The Great WallChina
94%
Las VegasNevada
91%
VeniceItaly
90%
Big BenLondon
90%
SphinxEgypt
89%
Christ the RedeemerRio de Janeiro
88%
eyehead
87%
MoscowRussia
87%
MadridSpain
87%
Mexico CityMexico
86%
YellowstoneUSA
85%
Cape TownSouth Africa
80%
SaharaAfrica
75%
JerusalemMiddle East
75%
ZanzibarTanzania
75%
GodBible
74%
fridgekitchen
74%
websiteInternet
70%
BavariaGermany
69%
CubaCaribbean
67%
the EarthSpace
65%
ZürichSwitzerland
63%
UluruAustralia
46%

Score Distribution

Percentile by Number Answered

Percent of People with Each Score

Your Score History

You have not taken this quiz